00426nam a22001577a 450000500170000001000130001702000260003003500130005603700170006908200060008610000170009224500380010926000300014727000700017730000210024720221014123842.0 aB-745965 a9789390697250c250.00 aB-745965 bPharos Books aS aLang, Andrew aThe Blue Fairy Book/cAndrew Lang aDelhibPharos Booksc2020 aPlot No.-55, Main Mother Dairy Road, Pandav Nagar,bDelhie110092 a384p.c20cm(pbk)